Online
Catalog

Del amor, hablemos francamente / (Record no. 15072)

MARC details
000 -CABECERA
campo de control de longitud fija 00867cam a2200265 a 4500
001 - NÚMERO DE CONTROL
campo de control 000015516
005 - FECHA Y HORA DE LA ÚLTIMA TRANSACCIÓN
campo de control 20200929164047.0
008 - DATOS DE LONGITUD FIJA--INFORMACIÓN GENERAL
campo de control de longitud fija 920814s1989 cu a 000 0 spa d
035 ## - NÚMERO DE CONTROL DEL SISTEMA
Número de control de sistema (DLC) 92200381
035 ## - NÚMERO DE CONTROL DEL SISTEMA
Número de control de sistema (OCoLC)29439226
035 ## - NÚMERO DE CONTROL DEL SISTEMA
Número de control de sistema (NOTISUF)AJR8178
040 ## - FUENTE DE LA CATALOGACIÓN
Centro catalogador/agencia de origen DO-SdBNP
Lengua de catalogación spa
Centro/agencia transcriptor BNPHU
Centro/agencia modificador DLC
082 ## - NÚMERO DE LA CLASIFICACIÓN DECIMAL DEWEY
Número de clasificación 305.235
Número de documento/Ítem R252a
049 ## - FONDOS LOCALES (OCLC)
Fondos de biblioteca BNGR
100 1# - ENTRADA PRINCIPAL--NOMBRE DE PERSONA
Nombre de persona Ravelo García, Aloyma.
9 (RLIN) 35045
245 10 - MENCIÓN DE TÍTULO
Título Del amor, hablemos francamente /
Mención de responsabilidad, etc. Aloyma Ravelo García ; edicción María Teresa Arrieta.
260 ## - PUBLICACIÓN, DISTRIBUCIÓN, ETC.
Lugar de publicación, distribución, etc. Ciudad de La Habana :
Nombre del editor, distribuidor, etc. Gente Nueva,
Fecha de publicación, distribución, etc. 1989.
300 ## - DESCRIPCIÓN FÍSICA
Extensión 281 p. :
Otras características físicas il. ;
Dimensiones 20 cm.
650 #4 - PUNTO DE ACCESO ADICIONAL DE MATERIA--TÉRMINO DE MATERIA
Término de materia o nombre geográfico como elemento de entrada Adolescentes
9 (RLIN) 33178
650 #4 - PUNTO DE ACCESO ADICIONAL DE MATERIA--TÉRMINO DE MATERIA
Término de materia o nombre geográfico como elemento de entrada Educación sexual para jóvenes
9 (RLIN) 908
650 #4 - PUNTO DE ACCESO ADICIONAL DE MATERIA--TÉRMINO DE MATERIA
Término de materia o nombre geográfico como elemento de entrada Intimidad (psicología)
9 (RLIN) 35046
650 #4 - PUNTO DE ACCESO ADICIONAL DE MATERIA--TÉRMINO DE MATERIA
Término de materia o nombre geográfico como elemento de entrada Juventud
9 (RLIN) 22059
700 1# - PUNTO DE ACCESO ADICIONAL--NOMBRE DE PERSONA
Nombre de persona Arrieta, María Teresa,
Término indicativo de función/relación ed.
9 (RLIN) 35047
910 ## - DATOS DE OPCIÓN DEL USUARIO (OCLC)
Datos de opción del usuario Catalogación por copia / LC
Holdings
Estado de retiro Estado de pérdida Restricciones de uso No para préstamo Código de colección Localización permanente Ubicación/localización actual Ubicación en estantería Fecha de adquisición Número de inventario Total de préstamos Signatura topográfica completa Código de barras Fecha visto por última vez Precio válido a partir de Tipo de ítem Koha
    Préstamo interno   Monografías: Libros y Folletos General General En catalogación 11.02.2010 LF1   305.235 R252a 15516-10 25.06.2020 25.06.2020 Préstamo interno

Powered by Koha